| 000 | 00369nam a22001577a 4500 | ||
|---|---|---|---|
| 005 | 20180703154832.0 | ||
| 008 | 160622b xxu||||| |||| 00| 0 eng d | ||
| 020 | _a0-07-463329-5 | ||
| 041 | _aeng | ||
| 082 |
_b8859 _a658.11 |
||
| 245 | _aEnterpreneurship Development | ||
| 260 |
_bTMH _anew delhi _c1998 |
||
| 300 | _a484p, | ||
| 650 |
_aManagement _9241 |
||
| 942 | _cBK | ||
| 999 |
_c3456 _d3455 |
||